LEADER 01615nam a22004097a 4500
001 35575
003 BD-DhAAL
005 20250820095719.0
008 191218t1988 wau||||| b||| 001 0 eng d
020 |a 0935302107 
040 |a BD-DhAAL  |c BD-DhAAL 
082 |a 370.78073 
245 |a Review of research in education.  |n Volume 15, 1988-89 /  |c edited by Ernst Z Rothkopf; contributors, Ruth Baranes...[et..al]. 
246 |a Review of research in education 
260 |a Washington, D.C. :  |b American Educational Research Association,  |c 1988. 
300 |a 480 pages :  |b illustrations ;  |c 24 cm. 
362 |a Vol. 15 
526 |a BIED 
541 |a Complimentary copy from BIED  |e 35575 
650 |a Education  |x Research  |z United States  |v Periodicals.  |9 35427 
650 |a Education  |x Research.  |9 35428 
650 |a Social science.  |9 35558 
700 |a Rothkopf, Ernst Z.  |9 35429 
700 |a Baranes, Ruth.  |9 35578 
700 |a Bossert, Steven T.  |9 35430 
700 |a Bryk, Anthony S.  |9 35431 
700 |a Gott, Sherrie P.  |9 35432 
700 |a Jones, Lyle V.  |9 35433 
700 |a Killen, Joel N.  |9 35434 
700 |a Willett, John B.  |9 35435 
700 |a Sticht, Thomas G.  |9 35436 
700 |a Robinson, Tomas N.  |9 35440 
710 |a American Educational Research Association,  |e issuing body.  |9 35441 
852 |a Ayesha Abed Library  
942 |2 ddc  |c BK 
999 |c 42077  |d 42077 
952 |0 0  |1 4  |2 ddc  |4 0  |6 370_780730000000000_REV  |7 0  |9 67512  |a BRACUL  |b BRACUL  |c GEN  |d 2019-12-18  |e Complimentary copy from BIED  |l 0  |o 370.78073 REV  |p 3010035575  |r 2019-12-18  |t 1  |w 2019-12-18  |y BK  |x Transferred from BIED to General Stacks